Belgian Football Teams Logos - Statistics

General Stats
  • This quiz has been taken 116 times
  • The average score is 13 of 20
Answer Stats
Picture Answer % Correct
Club Brugge
99%
RSC Anderlecht
99%
KAA Gent
90%
KRC Genk
90%
Royal Antwerp FC
90%
Royal Union Saint-Gilloise
80%
Standard de Liège
78%
KVC Westerlo
68%
Royal Charleroi Sporting Club
68%
Beerschot
66%
KAS Eupen
60%
SV Zulte Waregem
59%
Sint-Truidense V.V.
57%
RWD Molenbeek
56%
KV Mechelen
55%
Oud-Heverlee Leuven
55%
Lierse SK
52%
RFC Seraing
46%
Patro Eisden
44%
Sporting Hasselt
29%
No matching quizzes found
Score Distribution
Percent of People with Each Score
Percentile by Number Answered
Your Score History
You have not taken this quiz